00313nam a2200121Ia 4500008004100000041000800041082001600049100001500065245004400080260002800124300003000152365000900182240624s9999 xx 000 0 und d aeng a658.812 REA aREASON BEN aSERVICE DESIGN FOR BUSINESS A PRACTICAL c2016aNew JerseybWiley axi, : 189 : p. : cm. ; 23 cb30